[Event "Saratov Governor's Cup 2011"]
[Site "Saratov RUS"]
[Date "2011.10.08"]
[Round "1.2"]
[White "Tomashevsky, Evgeny"]
[Black "Alekseev, Evgeny"]
[Result "1/2-1/2"]
[WhiteElo "2710"]
[BlackElo "2662"]
[PlyCount "81"]
[EventDate "2011.10.08"]
[EventType "tourn"]
[EventRounds "11"]
[EventCountry "RUS"]
[EventCategory "19"]
[Source "lmi"]
[SourceDate "2011.10.08"]

1. d4 Nf6 2. c4 e6 3. g3 Bb4+ 4. Bd2 Be7 5. Bg2 d5 6. Nf3 O-O 7. O-O c6 8. Qc2
b6 9. Rd1 Ba6 10. Ne5 Nfd7 11. cxd5 cxd5 12. e4 Nxe5 13. exd5 Be2 14. dxe5 Bxd1
15. Qxd1 exd5 16. Nc3 Nc6 17. Nxd5 Nxe5 18. Bc3 Bd6 19. f4 Ng6 20. f5 Ne5 21.
f6 Rc8 22. fxg7 Kxg7 23. Qd2 Rxc3 24. Qxc3 Qc8 25. Qd2 Ng6 26. Rf1 Be5 27. Kh1
Qd7 28. b3 f5 29. Qg5 Bb8 30. Re1 Rf7 31. Qe3 Be5 32. Qf3 Qd6 33. Ne3 f4 34.
Nc4 Qd4 35. Rd1 Qc3 36. Qxc3 Bxc3 37. Nd6 Rf8 38. Be4 fxg3 39. hxg3 Rf2 40. Rc1
Be5 41. Rc2 1/2-1/2

[Event "Saratov Governor's Cup 2011"]
[Site "Saratov RUS"]
[Date "2011.10.08"]
[Round "1.4"]
[White "Roiz, Michael"]
[Black "Eljanov, Pavel"]
[Result "1/2-1/2"]
[WhiteElo "2668"]
[BlackElo "2683"]
[PlyCount "71"]
[EventDate "2011.10.08"]
[EventType "tourn"]
[EventRounds "11"]
[EventCountry "RUS"]
[EventCategory "19"]
[Source "lmi"]
[SourceDate "2011.10.08"]

1. d4 d5 2. c4 c6 3. Nf3 Nf6 4. Nc3 e6 5. Bg5 h6 6. Bxf6 Qxf6 7. e3 Nd7 8. Qc2
g6 9. cxd5 exd5 10. Bd3 Bg7 11. b4 a6 12. O-O Qd6 13. Rab1 O-O 14. a4 Re8 15.
Rfc1 Nf8 16. Nd2 Be6 17. Nb3 Nd7 18. Ne2 Rac8 19. Nf4 h5 20. b5 axb5 21. axb5
Bh6 22. Nxe6 Qxe6 23. Qe2 Bf8 24. bxc6 bxc6 25. Rc3 c5 26. dxc5 Nxc5 27. Nd4
Qf6 28. Qf3 Qxf3 29. gxf3 Nxd3 30. Rxd3 Rc5 31. Rb5 Rec8 32. Rxc5 Rxc5 33. Ne2
Bg7 34. Nf4 d4 35. exd4 Rc2 36. Kf1 1/2-1/2

[Event "Saratov Governor's Cup 2011"]
[Site "Saratov RUS"]
[Date "2011.10.08"]
[Round "1.6"]
[White "Vitiugov, Nikita"]
[Black "Moiseenko, Alexander"]
[Result "1/2-1/2"]
[WhiteElo "2726"]
[BlackElo "2726"]
[PlyCount "60"]
[EventDate "2011.10.08"]
[EventType "tourn"]
[EventRounds "11"]
[EventCountry "RUS"]
[EventCategory "19"]
[Source "lmi"]
[SourceDate "2011.10.08"]

1. d4 Nf6 2. c4 e6 3. Nf3 d5 4. Nc3 Bb4 5. cxd5 exd5 6. Bg5 h6 7. Bh4 g5 8. Bg3
Ne4 9. Nd2 Nxg3 10. hxg3 c6 11. Qc2 Be6 12. e3 Nd7 13. Bd3 Qe7 14. a3 Bd6 15.
O-O-O O-O-O 16. Nb5 Kb8 17. Nxd6 Qxd6 18. Kb1 h5 19. Rc1 h4 20. gxh4 gxh4 21.
Nf3 h3 22. gxh3 Rxh3 23. Rxh3 Bxh3 24. Bf5 Qf6 25. Bxh3 Qxf3 26. Qf5 Qxf5+ 27.
Bxf5 Kc7 28. Rh1 Kd6 29. Rh6+ Ke7 30. Bxd7 Rxd7 1/2-1/2

[Event "Saratov Governor's Cup 2011"]
[Site "Saratov RUS"]
[Date "2011.10.09"]
[Round "2.3"]
[White "Eljanov, Pavel"]
[Black "Leko, Peter"]
[Result "1/2-1/2"]
[WhiteElo "2683"]
[BlackElo "2728"]
[PlyCount "112"]
[EventDate "2011.10.08"]
[EventType "tourn"]
[EventRounds "11"]
[EventCountry "RUS"]
[EventCategory "19"]
[Source "lmi"]
[SourceDate "2011.10.08"]

1. d4 Nf6 2. c4 e6 3. Nc3 Bb4 4. e3 O-O 5. Bd3 d5 6. Nf3 c5 7. O-O Nc6 8. cxd5
exd5 9. dxc5 Bxc5 10. h3 Qe7 11. b3 Rd8 12. Bb2 a6 13. Ne2 Be6 14. Ng5 h6 15.
Nxe6 Qxe6 16. Rc1 Bb6 17. Bb1 Qd6 18. Qd3 Bc7 19. g3 Qe7 20. Bxf6 Qxf6 21. Qh7+
Kf8 22. Nd4 Be5 23. Nf5 Ne7 24. f4 Bb2 25. Rc7 Ng8 26. Rxb7 Rac8 27. Rd1 Qc6
28. Qxg8+ Kxg8 29. Ne7+ Kf8 30. Nxc6 Rxc6 31. Kf2 Rcd6 32. Bd3 a5 33. Kf3 Ba3
34. Bb5 Rc8 35. Bd3 Re8 36. Bb5 Rc8 37. Ke2 Bb4 38. Bd3 Re8 39. Bb5 Rc8 40. Rd7
Rxd7 41. Bxd7 Rc2+ 42. Kd3 Rxa2 43. Bc6 Rg2 44. g4 Rg3 45. Bxd5 Bc5 46. Kc4
Bxe3 47. f5 Rxh3 48. Rd3 Ke7 49. Kb5 Rg3 50. Bc4 Bf4 51. Rxg3 Bxg3 52. Kxa5 Kf6
53. Kb5 Kg5 54. Be2 h5 55. gxh5 Kxf5 56. Kc4 Kg5 1/2-1/2

[Event "Saratov Governor's Cup 2011"]
[Site "Saratov RUS"]
[Date "2011.10.09"]
[Round "2.4"]
[White "Shirov, Alexei"]
[Black "Roiz, Michael"]
[Result "1/2-1/2"]
[WhiteElo "2713"]
[BlackElo "2668"]
[PlyCount "68"]
[EventDate "2011.10.08"]
[EventType "tourn"]
[EventRounds "11"]
[EventCountry "RUS"]
[EventCategory "19"]
[Source "lmi"]
[SourceDate "2011.10.08"]

1. e4 e5 2. Bc4 Nf6 3. d3 c6 4. Nf3 d5 5. Bb3 Bb4+ 6. c3 Bd6 7. Bg5 Be6 8. d4
dxe4 9. Nfd2 exd4 10. Nxe4 Be7 11. Bxf6 Bxf6 12. Bxe6 fxe6 13. Qb3 Qe7 14.
Nxf6+ gxf6 15. cxd4 Na6 16. Nc3 O-O-O 17. O-O-O Rd6 18. Ne4 Rd5 19. Nc3 Rd6 20.
Ne4 Rd5 21. Qe3 Rhd8 22. Nc3 R5d7 23. Rhe1 Nc7 24. d5 Nxd5 25. Nxd5 Rxd5 26.
Rxd5 Rxd5 27. Qxe6+ Qxe6 28. Rxe6 Rf5 29. Re8+ Kd7 30. Rh8 Rxf2 31. Rxh7+ Ke6
32. Rxb7 Rxg2 33. Rxa7 Rxh2 34. a4 Ke5 1/2-1/2

[Event "Saratov Governor's Cup 2011"]
[Site "Saratov RUS"]
[Date "2011.10.09"]
[Round "2.6"]
[White "Andreikin, Dmitry"]
[Black "Tomashevsky, Evgeny"]
[Result "1/2-1/2"]
[WhiteElo "2705"]
[BlackElo "2710"]
[PlyCount "63"]
[EventDate "2011.10.08"]
[EventType "tourn"]
[EventRounds "11"]
[EventCountry "RUS"]
[EventCategory "19"]
[Source "lmi"]
[SourceDate "2011.10.08"]

1. d4 Nf6 2. c4 e6 3. Nf3 b6 4. g3 Bb7 5. Bg2 Be7 6. O-O O-O 7. Nc3 Ne4 8. Bd2
d5 9. cxd5 exd5 10. Rc1 Nd7 11. Bf4 c5 12. Nxe4 dxe4 13. Nd2 f5 14. b4 g5 15.
dxc5 gxf4 16. c6 Ba6 17. b5 Nc5 18. bxa6 fxg3 19. hxg3 Qd6 20. e3 Rad8 21. Nb3
Qxc6 22. Qe2 Qf6 23. Nxc5 Bxc5 24. Rfd1 Kg7 25. a4 Kg6 26. a5 h5 27. axb6 Bxb6
28. Qb5 Rxd1+ 29. Rxd1 Rd8 30. Rxd8 Qxd8 31. Bh3 Qf6 32. Qc4 1/2-1/2

[Event "Saratov Governor's Cup 2011"]
[Site "Saratov RUS"]
[Date "2011.10.10"]
[Round "3.3"]
[White "Roiz, Michael"]
[Black "Alekseev, Evgeny"]
[Result "1/2-1/2"]
[WhiteElo "2668"]
[BlackElo "2662"]
[PlyCount "67"]
[EventDate "2011.10.08"]
[EventType "tourn"]
[EventRounds "11"]
[EventCountry "RUS"]
[EventCategory "19"]
[Source "lmi"]
[SourceDate "2011.10.08"]

1. d4 Nf6 2. c4 e6 3. Nc3 Bb4 4. Qc2 O-O 5. a3 Bxc3+ 6. Qxc3 d6 7. Bg5 Nbd7 8.
e3 b6 9. Ne2 c5 10. Rd1 Qc7 11. Qc2 Ba6 12. Nc3 Rac8 13. Be2 h6 14. Bxf6 Nxf6
15. O-O cxd4 16. Rxd4 e5 17. Rd2 Bxc4 18. Bxc4 Qxc4 19. Qd1 Rfd8 20. Rxd6 Qc7
21. Rd3 Rxd3 22. Qxd3 Rd8 23. Qe2 Nd5 24. Ne4 Rd7 25. Rd1 Qc6 26. Ng3 Nf6 27.
h3 g6 28. Rxd7 Qxd7 29. Qc2 Kg7 30. Ne2 h5 31. Nc3 Qc6 32. Qd3 Qd7 33. Qxd7
Nxd7 34. Kf1 1/2-1/2

[Event "Saratov Governor's Cup 2011"]
[Site "Saratov RUS"]
[Date "2011.10.10"]
[Round "3.4"]
[White "Leko, Peter"]
[Black "Shirov, Alexei"]
[Result "1/2-1/2"]
[WhiteElo "2728"]
[BlackElo "2713"]
[PlyCount "41"]
[EventDate "2011.10.08"]
[EventType "tourn"]
[EventRounds "11"]
[EventCountry "RUS"]
[EventCategory "19"]
[Source "lmi"]
[SourceDate "2011.10.08"]

1. e4 e6 2. d4 d5 3. Nc3 Bb4 4. e5 c5 5. a3 Bxc3+ 6. bxc3 Ne7 7. Qg4 Qc7 8. Bd3
cxd4 9. Ne2 dxc3 10. Qxg7 Rg8 11. Qxh7 Qxe5 12. Bf4 Qf6 13. h4 Rxg2 14. Kf1 Rg8
15. Rg1 Rh8 16. Bg5 Rxh7 17. Bxf6 Rh6 18. Bg5 Rh8 19. Bf6 Rh6 20. Bg5 Rh8 21.
Bf6 1/2-1/2

[Event "Saratov Governor's Cup 2011"]
[Site "Saratov RUS"]
[Date "2011.10.10"]
[Round "3.5"]
[White "Vitiugov, Nikita"]
[Black "Eljanov, Pavel"]
[Result "1/2-1/2"]
[WhiteElo "2726"]
[BlackElo "2683"]
[PlyCount "131"]
[EventDate "2011.10.08"]
[EventType "tourn"]
[EventRounds "11"]
[EventCountry "RUS"]
[EventCategory "19"]
[Source "lmi"]
[SourceDate "2011.10.08"]

1. d4 d5 2. c4 c6 3. Nf3 Nf6 4. Nc3 dxc4 5. a4 e6 6. e4 Bb4 7. e5 Nd5 8. Qc2 c5
9. dxc5 Qa5 10. Bd2 Bxc3 11. bxc3 Qxc5 12. Qe4 Bd7 13. Qg4 Nc6 14. Qxg7 O-O-O
15. Qg4 Rhg8 16. Qxc4 Qxc4 17. Bxc4 Rxg2 18. Bd3 Nde7 19. Bxh7 Rh8 20. Bc2 Ng6
21. Kf1 Rg4 22. Re1 Na5 23. Rg1 Rxg1+ 24. Kxg1 Nc4 25. Bg5 Rg8 26. Kf1 Bc6 27.
Nd4 Bd5 28. Be4 Bxe4 29. Rxe4 Ngxe5 30. Bf4 Nd3 31. Nb5 Ncb2 32. Nxa7+ Kd7 33.
Rd4+ Ke7 34. Bd6+ Kf6 35. Ke2 Ra8 36. Nb5 Nc1+ 37. Kf3 Rxa4 38. Rxa4 Nxa4 39.
Ke4 Nb3 40. Be5+ Kg6 41. Bd4 Nb2 42. Nd6 Nd2+ 43. Ke3 Ndc4+ 44. Nxc4 Nxc4+ 45.
Kd3 b5 46. Ke4 Kg5 47. Be3+ Kg4 48. Kd4 e5+ 49. Kd5 f5 50. Bc5 f4 51. Kc6 Nd2
52. Kxb5 Ne4 53. Ba7 Nxc3+ 54. Kc4 Ne4 55. h3+ Kf5 56. Kd3 Ng5 57. h4 e4+ 58.
Ke2 Nf3 59. h5 Kg5 60. Bb8 Nd4+ 61. Kd2 Nf5 62. f3 exf3 63. Ke1 Kg4 64. Kf2 Nh6
65. Bc7 Nf7 66. Bb8 1/2-1/2

[Event "Saratov Governor's Cup 2011"]
[Site "Saratov RUS"]
[Date "2011.10.11"]
[Round "4.2"]
[White "Eljanov, Pavel"]
[Black "Moiseenko, Alexander"]
[Result "1/2-1/2"]
[WhiteElo "2683"]
[BlackElo "2726"]
[PlyCount "101"]
[EventDate "2011.10.08"]
[EventType "tourn"]
[EventRounds "11"]
[EventCountry "RUS"]
[EventCategory "19"]
[Source "lmi"]
[SourceDate "2011.10.08"]

1. d4 Nf6 2. c4 e6 3. Nf3 d5 4. Nc3 Bb4 5. cxd5 exd5 6. Bg5 Nbd7 7. e3 c5 8.
dxc5 Qa5 9. Rc1 Bxc3+ 10. bxc3 O-O 11. Nd4 Ne4 12. Bf4 Qxa2 13. Rc2 Qa5 14. Nb5
Ndxc5 15. f3 Bd7 16. Nc7 Ba4 17. fxe4 Bxc2 18. Qxc2 Rac8 19. Nxd5 Rfe8 20. e5
Rcd8 21. Bc4 Qa1+ 22. Qd1 Qxd1+ 23. Kxd1 b5 24. Ba2 Rxd5+ 25. Bxd5 Rd8 26. Kc2
Rxd5 27. Rb1 Ne6 28. e4 Rd8 29. Be3 a6 30. Ra1 Ra8 31. Kb3 Nd8 32. Bc5 Nc6 33.
Bd6 h5 34. c4 bxc4+ 35. Kxc4 Nd8 36. Kd5 Ne6 37. g3 Rc8 38. Rxa6 Rc2 39. h4 Rc3
40. Ra3 Nc7+ 41. Bxc7 Rxa3 42. e6 fxe6+ 43. Kxe6 Re3 44. Bf4 Re1 45. e5 Kf8 46.
Kf5 Kf7 47. Kg5 g6 48. Kh6 Re2 49. Kh7 Re4 50. Kh6 Re2 51. Kh7 1/2-1/2

[Event "Saratov Governor's Cup 2011"]
[Site "Saratov RUS"]
[Date "2011.10.11"]
[Round "4.3"]
[White "Shirov, Alexei"]
[Black "Vitiugov, Nikita"]
[Result "1/2-1/2"]
[WhiteElo "2713"]
[BlackElo "2726"]
[PlyCount "84"]
[EventDate "2011.10.08"]
[EventType "tourn"]
[EventRounds "11"]
[EventCountry "RUS"]
[EventCategory "19"]
[Source "lmi"]
[SourceDate "2011.10.08"]

1. e4 e6 2. d4 d5 3. Nc3 Nf6 4. e5 Nfd7 5. f4 c5 6. Nf3 Nc6 7. Be3 Be7 8. a3
Qb6 9. Na4 Qa5+ 10. Bd2 Qc7 11. dxc5 Nxc5 12. Nxc5 Bxc5 13. b4 Bb6 14. c4 dxc4
15. Rc1 Qd8 16. Rxc4 h6 17. a4 a6 18. Qc2 Bd7 19. Qe4 Rb8 20. Bd3 Ne7 21. a5
Ba7 22. Ke2 Bb5 23. Rc3 Bc6 24. Rxc6 bxc6 25. Rc1 Qd7 26. Bxa6 O-O 27. g4 Rfd8
28. f5 exf5 29. gxf5 Nxf5 30. Rxc6 Rxb4 31. Bc4 Rb2 32. Bd3 Nd4+ 33. Nxd4 Qxd4
34. Qxd4 Bxd4 35. e6 fxe6 36. Bc2 e5 37. a6 Rb6 38. Be4 Rxc6 39. Bxc6 Rc8 40.
Bb7 Rc7 41. Be3 Rc2+ 42. Kd1 Bxe3 1/2-1/2

[Event "Saratov Governor's Cup 2011"]
[Site "Saratov RUS"]
[Date "2011.10.11"]
[Round "4.4"]
[White "Alekseev, Evgeny"]
[Black "Leko, Peter"]
[Result "1/2-1/2"]
[WhiteElo "2662"]
[BlackElo "2728"]
[PlyCount "60"]
[EventDate "2011.10.08"]
[EventType "tourn"]
[EventRounds "11"]
[EventCountry "RUS"]
[EventCategory "19"]
[Source "lmi"]
[SourceDate "2011.10.08"]

1. d4 Nf6 2. c4 g6 3. g3 Bg7 4. Bg2 d5 5. cxd5 Nxd5 6. Nc3 Nxc3 7. bxc3 c5 8.
e3 O-O 9. Ne2 Nc6 10. O-O cxd4 11. cxd4 Be6 12. Qa4 Bd7 13. Qa3 Na5 14. Rb1 Rc8
15. Rd1 a6 16. d5 Nc4 17. Qb4 b5 18. Nd4 e5 19. dxe6 Bxe6 20. Bb2 Nxb2 21. Nxe6
Qf6 22. Rxb2 Qxe6 23. Bd5 Qb6 24. Rbb1 Bc3 25. Qf4 Qc7 26. Qf3 Rcd8 27. Rd3 b4
28. Rbd1 Kg7 29. Bb3 Rxd3 30. Rxd3 a5 1/2-1/2

[Event "Saratov Governor's Cup 2011"]
[Site "Saratov RUS"]
[Date "2011.10.11"]
[Round "4.5"]
[White "Andreikin, Dmitry"]
[Black "Roiz, Michael"]
[Result "1/2-1/2"]
[WhiteElo "2705"]
[BlackElo "2668"]
[PlyCount "231"]
[EventDate "2011.10.08"]
[EventType "tourn"]
[EventRounds "11"]
[EventCountry "RUS"]
[EventCategory "19"]
[Source "lmi"]
[SourceDate "2011.10.08"]

1. e4 c6 2. Nc3 d5 3. Nf3 Bg4 4. h3 Bxf3 5. Qxf3 e6 6. Be2 Nd7 7. d4 dxe4 8.
Nxe4 Ngf6 9. O-O Nxe4 10. Qxe4 Nf6 11. Qd3 Bd6 12. Bf3 O-O 13. Qb3 Qb6 14. Rd1
Qxb3 15. axb3 a6 16. c3 Rad8 17. Kf1 Rd7 18. g3 Rfd8 19. b4 h6 20. Re1 Bb8 21.
Be2 Nd5 22. Bc4 Kf8 23. Bb3 Ne7 24. Kg2 Bc7 25. Re2 Nd5 26. Bd2 h5 27. Kf3 Ke7
28. Bg5+ Nf6 29. Kg2 Rh8 30. f4 Kf8 31. Rae1 Bd8 32. f5 exf5 33. Bxf6 gxf6 34.
Re8+ Kg7 35. Rxh8 Kxh8 36. Bc2 Rd5 37. Bb3 Rd7 38. Bc2 Rd5 39. Re8+ Kg7 40. h4
a5 41. bxa5 c5 42. Bb3 Rd6 43. dxc5 Rd2+ 44. Kf3 Bxa5 45. Re7 Rxb2 46. Rxf7+
Kg6 47. Rxb7 Bxc3 48. c6 Kh6 49. Kf4 Be5+ 50. Kxf5 Bxg3 51. Ke6 Rb1 52. Kf7 Be5
53. Rb5 Bg3 54. Rb4 Be5 55. Rb7 Rb2 56. Ke7 Rb1 57. Rb5 Bg3 58. Kd7 Rb2 59. c7
Rd2+ 60. Bd5 Bxc7 61. Kxc7 Rd4 62. Kd6 Rxh4 63. Ke7 Kg5 64. Be6+ Kf4 65. Kxf6
Rh2 66. Rb4+ Ke3 67. Kg5 Kd3 68. Bh3 Rh1 69. Rh4 Rg1+ 70. Kf4 Kd4 71. Kf3+ Ke5
72. Bg2 Re1 73. Rxh5+ Kd4 74. Kf4 Re2 75. Bf3 Rf2 76. Rd5+ Kc4 77. Rd1 Rh2 78.
Ke5 Rh8 79. Rc1+ Kd3 80. Be4+ Kd2 81. Rc2+ Ke3 82. Rc3+ Kd2 83. Rg3 Rd8 84. Bd5
Re8+ 85. Kd4 Rd8 86. Rg2+ Kd1 87. Ke4 Rd7 88. Bc4 Rd2 89. Rg6 Rd8 90. Ke3 Kc2
91. Rc6 Kb2 92. Rc5 Rd1 93. Bd3 Rh1 94. Kd4 Rh4+ 95. Be4 Kb3 96. Rb5+ Ka4 97.
Rb8 Rg4 98. Kd5 Ka3 99. Bd3 Rb4 100. Bb5 Kb3 101. Kc5 Rh4 102. Bc4+ Kc3 103.
Bd5 Kd3 104. Re8 Rg4 105. Rf8 Rh4 106. Rf3+ Ke2 107. Ra3 Kd2 108. Bf3 Rf4 109.
Kd5 Rh4 110. Be4 Rh8 111. Kd4 Rd8+ 112. Bd5 Rd7 113. Ra8 Kd1 114. Ra2 Rd8 115.
Ke4 Kc1 116. Kd3 1/2-1/2

[Event "Saratov Governor's Cup 2011"]
[Site "Saratov RUS"]
[Date "2011.10.12"]
[Round "5.2"]
[White "Roiz, Michael"]
[Black "Tomashevsky, Evgeny"]
[Result "1/2-1/2"]
[WhiteElo "2668"]
[BlackElo "2710"]
[PlyCount "66"]
[EventDate "2011.10.08"]
[EventType "tourn"]
[EventRounds "11"]
[EventCountry "RUS"]
[EventCategory "19"]
[Source "lmi"]
[SourceDate "2011.10.08"]

1. d4 Nf6 2. c4 e6 3. Nf3 d5 4. Nc3 Bb4 5. Qa4+ Nc6 6. cxd5 exd5 7. Bg5 h6 8.
Bxf6 Qxf6 9. e3 O-O 10. Be2 Be6 11. O-O a6 12. Rfc1 Bd6 13. Qd1 Ne7 14. Na4 b6
15. b4 g5 16. Nb2 Ng6 17. Nd3 a5 18. b5 Rfe8 19. Rc3 h5 20. Rac1 Rad8 21. Nfe5
Nxe5 22. dxe5 Bxe5 23. Nxe5 Qxe5 24. Qd4 Qxd4 25. exd4 Bg4 26. Bxg4 hxg4 27.
Rxc7 Re2 28. h3 gxh3 29. R1c6 Kg7 30. gxh3 Rxa2 31. Rxb6 Ra4 32. Rbb7 Rf8 33.
Ra7 Rxd4 1/2-1/2

[Event "Saratov Governor's Cup 2011"]
[Site "Saratov RUS"]
[Date "2011.10.12"]
[Round "5.5"]
[White "Moiseenko, Alexander"]
[Black "Shirov, Alexei"]
[Result "1/2-1/2"]
[WhiteElo "2726"]
[BlackElo "2713"]
[PlyCount "65"]
[EventDate "2011.10.08"]
[EventType "tourn"]
[EventRounds "11"]
[EventCountry "RUS"]
[EventCategory "19"]
[Source "lmi"]
[SourceDate "2011.10.08"]

1. d4 d5 2. c4 c6 3. Nf3 Nf6 4. Nc3 e6 5. Bg5 h6 6. Bxf6 Qxf6 7. e3 Nd7 8. Bd3
dxc4 9. Bxc4 Bd6 10. O-O O-O 11. Ne4 Qe7 12. Nxd6 Qxd6 13. Rc1 b6 14. Qe2 Bb7
15. Rfd1 Rfd8 16. Ba6 Bxa6 17. Qxa6 c5 18. a3 Qe7 19. h3 e5 20. Qb7 Qe8 21. Qe4
exd4 22. Qxe8+ Rxe8 23. exd4 Rac8 24. dxc5 Nxc5 25. Kf1 Nb3 26. Rxc8 Rxc8 27.
Nd2 Rd8 28. Ke2 Re8+ 29. Kf1 Rd8 30. Ke2 Nd4+ 31. Ke1 Nc2+ 32. Ke2 Nd4+ 33. Ke1
1/2-1/2

[Event "Saratov Governor's Cup 2011"]
[Site "Saratov RUS"]
[Date "2011.10.13"]
[Round "6.3"]
[White "Alekseev, Evgeny"]
[Black "Moiseenko, Alexander"]
[Result "1/2-1/2"]
[WhiteElo "2662"]
[BlackElo "2726"]
[PlyCount "60"]
[EventDate "2011.10.08"]
[EventType "tourn"]
[EventRounds "11"]
[EventCountry "RUS"]
[EventCategory "19"]
[Source "lmi"]
[SourceDate "2011.10.08"]

1. d4 Nf6 2. Nf3 e6 3. c4 d5 4. g3 dxc4 5. Bg2 c5 6. O-O Nc6 7. Qa4 Bd7 8. Qxc4
cxd4 9. Nxd4 Rc8 10. Nc3 Nxd4 11. Qxd4 Bc5 12. Qh4 O-O 13. Bg5 h6 14. Bxf6 Qxf6
15. Qxf6 gxf6 16. Bxb7 Rb8 17. Bf3 Rxb2 18. Rfd1 Be8 19. Ne4 Be7 20. Rab1 Rxb1
21. Rxb1 f5 22. Nd2 Bc5 23. Rc1 Bb6 24. Bc6 Bxc6 25. Rxc6 Rd8 26. Nc4 Rd1+ 27.
Kg2 Ra1 28. Nxb6 axb6 29. Rxb6 Rxa2 30. e3 Kg7 1/2-1/2

[Event "Saratov Governor's Cup 2011"]
[Site "Saratov RUS"]
[Date "2011.10.13"]
[Round "6.4"]
[White "Andreikin, Dmitry"]
[Black "Vitiugov, Nikita"]
[Result "0-1"]
[WhiteElo "2705"]
[BlackElo "2726"]
[PlyCount "74"]
[EventDate "2011.10.08"]
[EventType "tourn"]
[EventRounds "11"]
[EventCountry "RUS"]
[EventCategory "19"]
[Source "lmi"]
[SourceDate "2011.10.08"]

1. e4 e6 2. d4 d5 3. Nc3 Bb4 4. a3 Bxc3+ 5. bxc3 dxe4 6. Qg4 Nf6 7. Qxg7 Rg8 8.
Qh6 Nbd7 9. Ne2 c5 10. a4 Qc7 11. dxc5 Qxc5 12. Qd2 Nb6 13. a5 Nbd5 14. c4 Ne7
15. Ba3 Qe5 16. Qc3 Qxc3+ 17. Nxc3 a6 18. g3 Bd7 19. Bg2 Bc6 20. O-O Nf5 21.
Rae1 Nd4 22. Nxe4 Nxe4 23. Bxe4 Bxe4 24. Rxe4 Nf3+ 25. Kg2 Nd2 26. Rh4 Nxf1 27.
Kxf1 Rd8 28. c5 Rd2 29. Rb4 Rg5 30. Rxb7 Rxc2 31. c6 Rxc6 32. Re7+ Kd8 33. Rxf7
Rxa5 34. Bb4 Rf5 35. Ra7 Rc2 36. Be1 Rc1 37. f4 Ra5 0-1

[Event "Saratov Governor's Cup 2011"]
[Site "Saratov RUS"]
[Date "2011.10.15"]
[Round "7.3"]
[White "Vitiugov, Nikita"]
[Black "Tomashevsky, Evgeny"]
[Result "1/2-1/2"]
[WhiteElo "2726"]
[BlackElo "2710"]
[PlyCount "61"]
[EventDate "2011.10.08"]
[EventType "tourn"]
[EventRounds "11"]
[EventCountry "RUS"]
[EventCategory "19"]
[Source "lmi"]
[SourceDate "2011.10.08"]

1. d4 Nf6 2. c4 e6 3. Nf3 d5 4. Nc3 Be7 5. Bg5 h6 6. Bh4 O-O 7. e3 b6 8. cxd5
Nxd5 9. Bxe7 Qxe7 10. Nxd5 exd5 11. Qb3 Be6 12. Rc1 Rc8 13. Be2 c5 14. Qa3 a5
15. O-O Na6 16. Bxa6 Rxa6 17. Rc3 Kf8 18. dxc5 bxc5 19. Rfc1 c4 20. Qxe7+ Kxe7
21. Nd4 a4 22. f3 Rb8 23. b3 axb3 24. axb3 Rb4 25. bxc4 dxc4 26. h4 f5 27. Nxe6
Rxe6 28. Rxc4 Rxc4 29. Rxc4 Rxe3 30. Kf2 Ra3 31. Rc7+ 1/2-1/2

[Event "Saratov Governor's Cup 2011"]
[Site "Saratov RUS"]
[Date "2011.10.15"]
[Round "7.6"]
[White "Eljanov, Pavel"]
[Black "Shirov, Alexei"]
[Result "1/2-1/2"]
[WhiteElo "2683"]
[BlackElo "2713"]
[PlyCount "101"]
[EventDate "2011.10.08"]
[EventType "tourn"]
[EventRounds "11"]
[EventCountry "RUS"]
[EventCategory "19"]
[Source "lmi"]
[SourceDate "2011.10.08"]

1. d4 d5 2. c4 c6 3. Nf3 Nf6 4. Nc3 e6 5. Bg5 dxc4 6. a4 b5 7. Bxf6 gxf6 8. g3
b4 9. Ne4 f5 10. Nc5 Qd5 11. Rc1 Bxc5 12. dxc5 Nd7 13. Qd4 Qxd4 14. Nxd4 Nxc5
15. Bg2 Bd7 16. Rxc4 Nxa4 17. Rxb4 c5 18. Rxa4 Bxa4 19. Bxa8 Kd7 20. Kd2 Rxa8
21. Ra1 Bc6 22. Nb3 c4 23. Nc5+ Kd6 24. Na6 Bb5 25. Kc3 Kc6 26. Nb4+ Kc5 27.
Nc2 a5 28. Ne3 a4 29. Nc2 Rb8 30. Nb4 Rd8 31. Na2 h5 32. Kc2 h4 33. Nc3 Rh8 34.
Nxa4+ Bxa4+ 35. Rxa4 hxg3 36. hxg3 Rh2 37. Kc3 Rxf2 38. Rxc4+ Kd5 39. Rd4+ Ke5
40. Rd2 Rg2 41. b4 Rxg3+ 42. Kc4 Rg1 43. b5 Rc1+ 44. Kb4 f4 45. b6 Rb1+ 46. Kc5
f5 47. Kc6 Ke4 48. Rd3 Rb2 49. Kc5 Rc2+ 50. Kd6 Rb2 51. Kc5 1/2-1/2

[Event "Saratov Governor's Cup 2011"]
[Site "Saratov RUS"]
[Date "2011.10.16"]
[Round "8.2"]
[White "Alekseev, Evgeny"]
[Black "Eljanov, Pavel"]
[Result "1/2-1/2"]
[WhiteElo "2662"]
[BlackElo "2683"]
[PlyCount "119"]
[EventDate "2011.10.08"]
[EventType "tourn"]
[EventRounds "11"]
[EventCountry "RUS"]
[EventCategory "19"]
[Source "lmi"]
[SourceDate "2011.10.08"]

1. e4 e5 2. Nf3 Nc6 3. Bb5 a6 4. Ba4 Nf6 5. O-O Be7 6. Re1 b5 7. Bb3 d6 8. c3
O-O 9. h3 Na5 10. Bc2 c5 11. d4 Nd7 12. b3 exd4 13. cxd4 Nc6 14. Bb2 Bb7 15.
Nc3 Nb4 16. Bb1 Bf6 17. d5 a5 18. a3 Ne5 19. Nxe5 Bxe5 20. Qc1 Na6 21. Nxb5
Bxb2 22. Qxb2 Nc7 23. Bd3 Ba6 24. Nxc7 Qxc7 25. Bc2 Rfe8 26. Qc3 Bb5 27. Rac1
Qe7 28. Bb1 Qg5 29. e5 dxe5 30. Qxc5 Bd7 31. Qe3 Qxe3 32. Rxe3 Rec8 33. Rec3
Kf8 34. Rc7 Ke8 35. Bd3 Rcb8 36. Bc4 f6 37. d6 Kd8 38. Rd1 Rb6 39. Rc5 Bc6 40.
Be6 Be8 41. g4 h5 42. f3 h4 43. a4 Rc6 44. Rb5 Rca6 45. Rc5 Rc6 46. Rb5 Rca6
47. Rb7 R6a7 48. Rxa7 Rxa7 49. Kf2 Bd7 50. Bc4 Bc6 51. Ke3 Rb7 52. f4 Rb4 53.
fxe5 fxe5 54. Bd5 Bxd5 55. Rxd5 Rxb3+ 56. Ke4 Kd7 57. Rxa5 Rxh3 58. Kxe5 Re3+
59. Kf4 Ra3 60. Ra7+ 1/2-1/2

[Event "Saratov Governor's Cup 2011"]
[Site "Saratov RUS"]
[Date "2011.10.16"]
[Round "8.4"]
[White "Tomashevsky, Evgeny"]
[Black "Moiseenko, Alexander"]
[Result "1-0"]
[WhiteElo "2710"]
[BlackElo "2726"]
[PlyCount "123"]
[EventDate "2011.10.08"]
[EventType "tourn"]
[EventRounds "11"]
[EventCountry "RUS"]
[EventCategory "19"]
[Source "lmi"]
[SourceDate "2011.10.08"]

1. d4 Nf6 2. Nf3 e6 3. g3 d5 4. Bg2 b5 5. O-O Nbd7 6. Ne5 Bb7 7. a4 b4 8. c4
bxc3 9. bxc3 Bd6 10. Nxd7 Qxd7 11. c4 c5 12. Na3 O-O 13. Nb5 Be7 14. dxc5 Bxc5
15. Bg5 a6 16. Nc3 d4 17. Bxf6 Bxg2 18. Kxg2 Qc6+ 19. f3 gxf6 20. Ne4 f5 21.
Nf2 Rfc8 22. Qd2 Bf8 23. Qg5+ Bg7 24. Nd3 Qxc4 25. Rfc1 Qd5 26. g4 h6 27. Qh5
Rc3 28. Kf2 Rac8 29. Rd1 fxg4 30. Qxd5 exd5 31. fxg4 Bf6 32. Ra2 Re8 33. Rb1
Rc6 34. a5 Bh4+ 35. Kg2 Rce6 36. Kf1 Rg6 37. Rb6 Rxg4 38. Rxh6 Bg5 39. Rh3 Re3
40. Rf3 Rh4 41. Rg3 f6 42. Kg2 Kf7 43. Rb2 Re6 44. h3 Rhe4 45. Kf1 Kg6 46. Rb6
Kh5 47. Rxe6 Rxe6 48. Rg4 Re4 49. Nc5 f5 50. Rg3 Re8 51. Nxa6 Kh4 52. Rf3 Be3
53. Kg2 Rg8+ 54. Kh2 Ra8 55. Nb4 Rxa5 56. Rxf5 Ra1 57. Nd3 Bg1+ 58. Kg2 Be3 59.
Ne5 Rg1+ 60. Kh2 Rg3 61. Nf3+ Rxf3 62. Rxf3 1-0